| 000 | nam a22 a 4500 | ||
|---|---|---|---|
| 999 |
_c3782 _d3782 |
||
| 003 | AKMAL | ||
| 005 | 20170524084312.0 | ||
| 008 | 160506s1981 my g a000 0 may d | ||
| 040 |
_aAKMAL _cAKMAL |
||
| 082 | 0 | 4 | _a808 ASM |
| 090 |
_a808 _bASM |
||
| 100 | 0 |
_aAsmah Haji Omar, _cDato', _d1940- _eauthor. _9924 |
|
| 245 | 1 | 0 |
_aMengarang, membaca dan membina / _cAsmah Haji Omar |
| 250 | _a2nd Ed | ||
| 264 | 1 |
_aKuala Lumpur : _bDewan Bahasa dan Pustaka, _c1981 |
|
| 300 | 0 | 0 | _a198 pages |
| 650 | 1 | 0 |
_aMalay language _xStudy and teaching _97483 |
| 942 |
_2ddc _cBOOK |
||